Score 0/14 Timer 02:00
0 Plays Today
Movie Missing Word % Correct
Field of ______Dreams
96.2%
A ______ of Their OwnLeague
94.7%
The Bad News ______Bears
94.6%
For Love of the ______Game
91.2%
______ in the OutfieldAngels
89.8%
______ DurhamBull
76.7%
______ Yankees!Damn
75.7%
Movie Missing Word % Correct
______ PitchFever
71.1%
______ of the YearRookie
70.1%
______ LeagueMajor
69.2%
Little ______ LeagueBig
63.8%
The ______ of the YankeesPride
53.7%
______ Men OutEight
50.6%
Bang the Drum ______Slowly
40.7%

Today's Daily Dose

Remove Ads.
Support Sporcle.
Get the best of Sporcle when you Go Orange. This ad-free experience offers more features, more stats, and more fun while also helping to support Sporcle. Thank you for becoming a member.

You're not logged in!

Compare scores with friends on all Sporcle quizzes.
OR
Log In

Show Comments

Extras

Top Quizzes Today


Score Distribution

Your Account Isn't Verified!

In order to create a playlist on Sporcle, you need to verify the email address you used during registration. Go to your Sporcle Settings to finish the process.

Report this User

Report this user for behavior that violates our Community Guidelines.

Details: